LEADER 01232nam a2200265 4500 001 000000345462 003 CaOOAMICUS 005 20210426130613.0 008 210421s2020 it a 000 u ita r 040 $aSeMil$bita 100 1 $aArockiam, Jude Antony Maria.$0(OLS)http://semarc/name/113626 245 10$aComunicazione dei valori culturali & strategie dei documentari televisivi d'arte /$c[don Jude Antony Maria Arockiam]. 264 1$a[S.l. :$bs.n.]$e(Marcallo con Casone (MI) :$fLAM srl ,$gstampa 2020) 300 $a42 p. :$bill. ;$c21 cm 541 0 $aOmaggio mons. Mario Delpini (5B III 56/12) 650 4$aComunicazione e cultura.$0(OLS)http://semarc/subject/17424 650 4$aTelevisione - Aspetti socio-culturali.$0(OLS)http://semarc/subject/31897 650 4$aArte.$0(OLS)http://semarc/subject/1231 850 $aSeMil 852 $aSeMil$W1$xVenegono$y1$m5B III 56/12$j225731$B236547$CSeMilBibl$Z2$F236547 $81 941 1 $a7 961 $aOmaggio mons. Mario Delpini 996 $6245$aComunicazione dei valori culturali & strategie dei documentari televisivi d'arte$9(OLS)http://semarc/title/434609 996 $6264$a[S.l. :$bs.n.]$9(OLS)http://semarc/publisher/29751 LEADER 00894nam a2200229 i 4500 001 000000074366 003 CaOOAMICUS 005 20070423000000.0 008 070423s1946 it u000 u ita u 013 $a45538 040 $aSeMil$bita 100 1 $aPolverini, Giorgio.$0(OLS)http://semarc/name/34408 245 10$aSaggio sull'immortalità /$cGiorgio Polverini. 260 $aBari :$bLaterza & Figli,$c1946. 300 $a180 p. ;$c21 cm. 490 0 $aBiblioteca di cultura moderna ;$v414 650 4$aImmortalità.$0(OLS)http://semarc/subject/3701 830 0$aBiblioteca di cultura moderna ;$v414.$0(OLS)http://semarc/title/639 850 $aSeMil 852 $aSeMil$W1$xVenegono$y1$m1C III 41$j40518$B40518$CSeMilBibl$Z2$F40522 $81 996 $6245$aSaggio sull'immortalità$9(OLS)http://semarc/title/120645 996 $6260$aBari :$bLaterza & Figli$9(OLS)http://semarc/publisher/29663